<?xml version="1.0" encoding="UTF-8"?>
<collection xmlns="http://www.loc.gov/MARC21/slim">
 <record>
  <leader>05165nas a22008651  4500</leader>
  <controlfield tag="001">1/50226</controlfield>
  <controlfield tag="008">020129c19469999nyubr1p           a0eng d</controlfield>
  <datafield tag="022" ind1=" " ind2=" ">
   <subfield code="a">0022-1082</subfield>
  </datafield>
  <datafield tag="035" ind1=" " ind2=" ">
   <subfield code="l">23336</subfield>
  </datafield>
  <datafield tag="040" ind1=" " ind2=" ">
   <subfield code="a">DLC</subfield>
   <subfield code="b">GR-PeUP</subfield>
  </datafield>
  <datafield tag="090" ind1=" " ind2=" ">
   <subfield code="a">Αλφαβητική σειρά</subfield>
  </datafield>
  <datafield tag="245" ind1="0" ind2="4">
   <subfield code="a">The journal of finance</subfield>
  </datafield>
  <datafield tag="260" ind1=" " ind2=" ">
   <subfield code="a">New York :</subfield>
   <subfield code="b">American Finance Association,</subfield>
   <subfield code="c">1949</subfield>
  </datafield>
  <datafield tag="300" ind1=" " ind2=" ">
   <subfield code="a">v. ;</subfield>
   <subfield code="c">24 cm.</subfield>
  </datafield>
  <datafield tag="310" ind1=" " ind2=" ">
   <subfield code="a">Bimonthly</subfield>
  </datafield>
  <datafield tag="362" ind1="0" ind2=" ">
   <subfield code="a">Vol.42, no.1(March 1987)-v.42, no.3(July 1987)</subfield>
  </datafield>
  <datafield tag="362" ind1="0" ind2=" ">
   <subfield code="a">Vol.50, no.1(March 1995)-v.54, no.6(Dec. 1999)</subfield>
  </datafield>
  <datafield tag="362" ind1="0" ind2=" ">
   <subfield code="a">Vol.57, no.1(Feb. 2002)-v.</subfield>
  </datafield>
  <datafield tag="546" ind1=" " ind2=" ">
   <subfield code="a">English</subfield>
  </datafield>
  <datafield tag="650" ind1=" " ind2="4">
   <subfield code="a">Finance</subfield>
   <subfield code="z">United States</subfield>
   <subfield code="v">Periodicals.</subfield>
  </datafield>
  <datafield tag="650" ind1=" " ind2="4">
   <subfield code="a">Finance</subfield>
   <subfield code="v">Periodicals.</subfield>
  </datafield>
  <datafield tag="710" ind1="2" ind2=" ">
   <subfield code="a">American Finance Association.</subfield>
  </datafield>
  <datafield tag="852" ind1=" " ind2=" ">
   <subfield code="a">INST</subfield>
   <subfield code="b">UNIPILB</subfield>
   <subfield code="c">SERIALS</subfield>
   <subfield code="e">20050215</subfield>
   <subfield code="h">Αλφαβητική σειρά</subfield>
   <subfield code="p">39995</subfield>
   <subfield code="q">39995</subfield>
   <subfield code="t">NOLOAN</subfield>
   <subfield code="v">vol.57;no.2:(Μήνας)April;(Έτος)2002</subfield>
   <subfield code="y">23</subfield>
  </datafield>
  <datafield tag="852" ind1=" " ind2=" ">
   <subfield code="a">INST</subfield>
   <subfield code="b">UNIPILB</subfield>
   <subfield code="c">SERIALS</subfield>
   <subfield code="e">20050215</subfield>
   <subfield code="h">Αλφαβητική σειρά</subfield>
   <subfield code="p">39996</subfield>
   <subfield code="q">39996</subfield>
   <subfield code="t">NOLOAN</subfield>
   <subfield code="v">vol.57;no.3:(Μήνας)June;(Έτος)2002</subfield>
   <subfield code="y">23</subfield>
  </datafield>
  <datafield tag="852" ind1=" " ind2=" ">
   <subfield code="a">INST</subfield>
   <subfield code="b">UNIPILB</subfield>
   <subfield code="c">SERIALS</subfield>
   <subfield code="e">20050215</subfield>
   <subfield code="h">Αλφαβητική σειρά</subfield>
   <subfield code="p">39997</subfield>
   <subfield code="q">39997</subfield>
   <subfield code="t">NOLOAN</subfield>
   <subfield code="v">vol.57;no.5:(Μήνας)October;(Έτος)2002</subfield>
   <subfield code="y">23</subfield>
  </datafield>
  <datafield tag="852" ind1=" " ind2=" ">
   <subfield code="a">INST</subfield>
   <subfield code="b">UNIPILB</subfield>
   <subfield code="c">SERIALS</subfield>
   <subfield code="e">20050215</subfield>
   <subfield code="h">Αλφαβητική σειρά</subfield>
   <subfield code="p">39998</subfield>
   <subfield code="q">39998</subfield>
   <subfield code="t">NOLOAN</subfield>
   <subfield code="v">vol.57;no.6:(Μήνας)December;(Έτος)2002</subfield>
   <subfield code="y">23</subfield>
  </datafield>
  <datafield tag="852" ind1=" " ind2=" ">
   <subfield code="a">INST</subfield>
   <subfield code="b">UNIPILB</subfield>
   <subfield code="c">SERIALS</subfield>
   <subfield code="e">20050311</subfield>
   <subfield code="h">Αλφαβητική σειρά</subfield>
   <subfield code="p">41233</subfield>
   <subfield code="q">41233</subfield>
   <subfield code="t">NOLOAN</subfield>
   <subfield code="v">vol.57;no.1:(Μήνας)February;(Έτος)2002</subfield>
   <subfield code="y">23</subfield>
  </datafield>
  <datafield tag="852" ind1=" " ind2=" ">
   <subfield code="a">INST</subfield>
   <subfield code="b">UNIPILB</subfield>
   <subfield code="c">SERIALS</subfield>
   <subfield code="e">20050311</subfield>
   <subfield code="h">Αλφαβητική σειρά</subfield>
   <subfield code="p">41234</subfield>
   <subfield code="q">41234</subfield>
   <subfield code="t">NOLOAN</subfield>
   <subfield code="v">vol.57;no.4:(Μήνας)August;(Έτος)2002</subfield>
   <subfield code="y">23</subfield>
  </datafield>
  <datafield tag="852" ind1=" " ind2=" ">
   <subfield code="a">INST</subfield>
   <subfield code="b">UNIPILB</subfield>
   <subfield code="c">SERIALS</subfield>
   <subfield code="e">20050609</subfield>
   <subfield code="h">Αλφαβητική σειρά</subfield>
   <subfield code="p">43821</subfield>
   <subfield code="q">43821</subfield>
   <subfield code="t">NOLOAN</subfield>
   <subfield code="v">vol.59;no.2:(Μήνας)April;(Έτος)2004</subfield>
   <subfield code="y">23</subfield>
  </datafield>
  <datafield tag="856" ind1="4" ind2="1">
   <subfield code="u">http://www.blackwell-synergy.com/servlet/useragent?func=showIssues&amp;code=jofi</subfield>
  </datafield>
  <datafield tag="856" ind1="4" ind2="1">
   <subfield code="u">http://www.jstor.org/browse/00221082?frame=noframe&amp;userID=c3fbe32e@unipi.gr/01cce4401f00501704d&amp;dpi=3&amp;config=jstor</subfield>
  </datafield>
  <datafield tag="900" ind1=" " ind2=" ">
   <subfield code="a">Vol. 59 no. 3 (June 2004)</subfield>
   <subfield code="b">Οφειλόμενο</subfield>
   <subfield code="c">01/04/2007</subfield>
  </datafield>
  <datafield tag="900" ind1=" " ind2=" ">
   <subfield code="a">Vol. 58 no. 1 (February 2003)</subfield>
   <subfield code="b">Οφειλόμενο</subfield>
   <subfield code="c">18/02/2005</subfield>
  </datafield>
  <datafield tag="900" ind1=" " ind2=" ">
   <subfield code="a">Vol. 58 no. 2 (April 2003)</subfield>
   <subfield code="b">Οφειλόμενο</subfield>
   <subfield code="c">08/02/2006</subfield>
  </datafield>
  <datafield tag="900" ind1=" " ind2=" ">
   <subfield code="a">Vol. 58 no. 3 (June 2003)</subfield>
   <subfield code="b">Οφειλόμενο</subfield>
   <subfield code="c">26/03/2006</subfield>
  </datafield>
  <datafield tag="900" ind1=" " ind2=" ">
   <subfield code="a">Vol. 58 no. 4 (August 2003)</subfield>
   <subfield code="b">Οφειλόμενο</subfield>
   <subfield code="c">25/05/2006</subfield>
  </datafield>
  <datafield tag="900" ind1=" " ind2=" ">
   <subfield code="a">Vol. 58 no. 5 (October 2003)</subfield>
   <subfield code="b">Οφειλόμενο</subfield>
   <subfield code="c">25/07/2006</subfield>
  </datafield>
  <datafield tag="900" ind1=" " ind2=" ">
   <subfield code="a">Vol. 58 no. 6 (December 2003)</subfield>
   <subfield code="b">Οφειλόμενο</subfield>
   <subfield code="c">24/09/2006</subfield>
  </datafield>
  <datafield tag="900" ind1=" " ind2=" ">
   <subfield code="a">Vol. 59 no. 1 (February 2004)</subfield>
   <subfield code="b">Οφειλόμενο</subfield>
   <subfield code="c">27/11/2006</subfield>
  </datafield>
  <datafield tag="950" ind1=" " ind2=" ">
   <subfield code="a">01/02/2002</subfield>
   <subfield code="c">SWETS INFORMATION SERVICES</subfield>
   <subfield code="d">263</subfield>
  </datafield>
  <datafield tag="951" ind1=" " ind2=" ">
   <subfield code="a">Vol.55 no.1(March 2000)-no.6(December 2000)</subfield>
   <subfield code="b">Main run</subfield>
  </datafield>
  <datafield tag="951" ind1=" " ind2=" ">
   <subfield code="a">Vol.34 no.1( March 1979)- vol. 34 no.5 (October 1979)   ()</subfield>
   <subfield code="b">Main run</subfield>
  </datafield>
  <datafield tag="951" ind1=" " ind2=" ">
   <subfield code="a">Vol. 35 No. 1(March 1980)</subfield>
   <subfield code="b">Main run</subfield>
  </datafield>
  <datafield tag="951" ind1=" " ind2=" ">
   <subfield code="a">Vol. 48 no. 2 (June 1987) -  (Vol. 48 no. 3 (July 1993)</subfield>
   <subfield code="b">Main run</subfield>
  </datafield>
  <datafield tag="951" ind1=" " ind2=" ">
   <subfield code="a">Vol. 49 no. 1 (March 1994) -  (Vol. 49 no. 5 (Dec. 1994)</subfield>
   <subfield code="b">Main run</subfield>
  </datafield>
  <datafield tag="951" ind1=" " ind2=" ">
   <subfield code="a">Vol. 50 no. 1 (March 1995) -  (Vol. 54 no. 6 (Dec. 1999)</subfield>
   <subfield code="b">Main run</subfield>
  </datafield>
  <datafield tag="951" ind1=" " ind2=" ">
   <subfield code="a">Vol. 51 no. 1 (March 1996) -  (Vol. 51 no. 4 (Dec. 1996)</subfield>
   <subfield code="b">Main run</subfield>
  </datafield>
  <datafield tag="951" ind1=" " ind2=" ">
   <subfield code="a">Vol. 52 no. 1 (March 1997) -  (Vol. 52 no. 4 (Dec. 1997)</subfield>
   <subfield code="b">Main run</subfield>
  </datafield>
  <datafield tag="951" ind1=" " ind2=" ">
   <subfield code="a">Vol. 53 no. 1 (Feb. 1998) -  (Vol. 53 no. 4 (Dec. 1998)</subfield>
   <subfield code="b">Main run</subfield>
  </datafield>
  <datafield tag="951" ind1=" " ind2=" ">
   <subfield code="a">Vol. 54 no. 1 (Feb. 1999) -  (Vol. 54 no. 6 (Dec. 1999)</subfield>
   <subfield code="b">Main run</subfield>
  </datafield>
  <datafield tag="951" ind1=" " ind2=" ">
   <subfield code="a">Vol. 56 no. 1 (Feb. 2001) - v. 56 no. 6 (Dec. 2001)</subfield>
   <subfield code="b">Main run</subfield>
  </datafield>
  <datafield tag="951" ind1=" " ind2=" ">
   <subfield code="a">Vol. 57 no. 1 (February 2002) - Vol. 57 no. 6 (December 2002)</subfield>
   <subfield code="b">Main run</subfield>
  </datafield>
  <datafield tag="951" ind1=" " ind2=" ">
   <subfield code="a">Vol. 58 no. 1 (Feb. 2003) - v. 58 no. 6 (Dec. 2003)</subfield>
   <subfield code="b">Main run</subfield>
  </datafield>
  <datafield tag="951" ind1=" " ind2=" ">
   <subfield code="a">Vol. 59 no. 2 (April 2004)</subfield>
   <subfield code="b">Main run</subfield>
  </datafield>
  <datafield tag="951" ind1=" " ind2=" ">
   <subfield code="a">Vol. 59 no. 1  (Feb. 2004)</subfield>
   <subfield code="b">Main run</subfield>
  </datafield>
  <datafield tag="951" ind1=" " ind2=" ">
   <subfield code="a">Vol. 59 no. 5 (Oct. 2004)</subfield>
   <subfield code="b">Main run</subfield>
  </datafield>
  <datafield tag="951" ind1=" " ind2=" ">
   <subfield code="a">Vol. 35 No. 4(September 1980)- Vol.35 No.5 (October 1980)</subfield>
   <subfield code="b">Main run</subfield>
  </datafield>
  <datafield tag="951" ind1=" " ind2=" ">
   <subfield code="a">Vol. 36 no.1(March 1981) - Vol. 36 no.5 (October 1981)</subfield>
   <subfield code="b">Main run</subfield>
  </datafield>
  <datafield tag="951" ind1=" " ind2=" ">
   <subfield code="a">Vol.37 no.1(March 1982)-no.5(October 1982)</subfield>
   <subfield code="b">Main run</subfield>
  </datafield>
  <datafield tag="951" ind1=" " ind2=" ">
   <subfield code="a">Vol.38 no.2(June 1983)-no.5(October 1983)</subfield>
   <subfield code="b">Main run</subfield>
  </datafield>
  <datafield tag="951" ind1=" " ind2=" ">
   <subfield code="a">Vol.39 no.1(March 1984)-no.5(October 1984)</subfield>
   <subfield code="b">Main run</subfield>
  </datafield>
  <datafield tag="951" ind1=" " ind2=" ">
   <subfield code="a">Vol.40 no.1(March 1985)-no.5(October 1985)</subfield>
   <subfield code="b">Main run</subfield>
  </datafield>
  <datafield tag="951" ind1=" " ind2=" ">
   <subfield code="a">Vol.41 no.1(March 1986)-no.5(October 1986)</subfield>
   <subfield code="b">Main run</subfield>
  </datafield>
  <datafield tag="951" ind1=" " ind2=" ">
   <subfield code="a">Vol.42 no.4(September 1987)-no.5(October 1987)</subfield>
   <subfield code="b">Main run</subfield>
  </datafield>
  <datafield tag="951" ind1=" " ind2=" ">
   <subfield code="a">Vol.43 no.1(March 1988)-no.5(October 1988)</subfield>
   <subfield code="b">Main run</subfield>
  </datafield>
  <datafield tag="951" ind1=" " ind2=" ">
   <subfield code="a">Vol.44 no.1(March 1989)-no.4(September 1989)</subfield>
   <subfield code="b">Main run</subfield>
  </datafield>
  <datafield tag="951" ind1=" " ind2=" ">
   <subfield code="a">Vol.45 no.1(March 1990)-no.5(October 1990)</subfield>
   <subfield code="b">Main run</subfield>
  </datafield>
  <datafield tag="951" ind1=" " ind2=" ">
   <subfield code="a">Vol.46 no.1(March 1991)-no.5(October 1991)</subfield>
   <subfield code="b">Main run</subfield>
  </datafield>
  <datafield tag="951" ind1=" " ind2=" ">
   <subfield code="a">Vol.47 no.1(March 1982)</subfield>
   <subfield code="b">Main run</subfield>
  </datafield>
  <datafield tag="951" ind1=" " ind2=" ">
   <subfield code="a">Vol.47 no.4(July 1992)-no.5(October 1992)</subfield>
   <subfield code="b">Main run</subfield>
  </datafield>
  <datafield tag="951" ind1=" " ind2=" ">
   <subfield code="a">Vol.48 no.4(July 1993)-no.5(October 1993)</subfield>
   <subfield code="b">Main run</subfield>
  </datafield>
  <datafield tag="951" ind1=" " ind2=" ">
   <subfield code="a">Vol.51 no.5(October 1996)</subfield>
   <subfield code="b">Main run</subfield>
  </datafield>
  <datafield tag="951" ind1=" " ind2=" ">
   <subfield code="a">Vol.53 no.5(October 1998)</subfield>
   <subfield code="b">Main run</subfield>
  </datafield>
  <datafield tag="951" ind1=" " ind2=" ">
   <subfield code="a">Vol.XXXIII no.1(March 1978)-no.5(October 1978)</subfield>
   <subfield code="b">Main run</subfield>
  </datafield>
  <datafield tag="952" ind1=" " ind2=" ">
   <subfield code="a">Vol. 56 no. 5  (Oct. 2001)</subfield>
  </datafield>
 </record>
</collection>
